00474 2200193 4500245004400000020001800044250001100062100001800073700002000091700002100111650001700132005001900149260003100168041001400199084001300213300003400226336000900260338001100269 aNext To You Vol. 7cNamba, AtsukohText a9786022107743 aCet. 1 aNamba, Atsuko aIne Martiana K. aFrisian Yuniardi aKomik Jepang a20230206094759 aJakartabPT Gramediac2012 aIndonesia a741.5592 a... jil. :bilus. ;c17,5 cm. atext avolume